| 000 | 00312nam a2200109Ia 4500 | ||
|---|---|---|---|
| 008 | 230907s9999||||xx |||||||||||||| ||und|| | ||
| 082 |
_a530 _bCHA |
||
| 245 | 0 | _aNelson physics units 3 & 4 for the Australian curriculum / | |
| 260 |
_aNelson Cengage Learning, _bAustralia : _c2015 |
||
| 300 | _a380 p. | ||
| 942 | _cBK | ||
| 999 |
_c601064 _d601064 |
||